000
00208nam a22000977a 4500
999
_c
65186
_d
65183
082
_a
297.321ز ک ر
100
_a
محمد ز کرِِیا
245
_a
فضائل صدقات
300
_a
۲۳۲
942
_c
BK